000 00896nam a22002537a 4500
001 3936
003 FISKH
005 20240524141822.0
008 240524b cb ||||| |||| 00| 0 eng d
040 _aFISK
_beng
_cFISK
_dFISK
050 _aPE1106.P74
082 _a428
100 _aPreciado Tony
_d1990-
245 _aSuper grammar /
_cTony Preciado
260 _aNew York :
_bScholastic ,
_c2012
300 _a176 pages :
_bcolor illustrations ;
_c24 cm
505 _aQ
520 _aPersonifies all the major elements of grammar with superhero or supervillain identities, explaining the "powers" of each part of speech while revealing important rules using colorful, memory-bolstering characterizations and comic book-style illustrations.
521 8 _a900
_bLexile
521 8 _aQ
_bRaz-Plus
700 _aTony Preciado
942 _2ddc
_cBK
_n0
999 _c3936
_d3936